Buteurs du PSG sous l'ère Thomas Tuchel - Statistiques

Statistiques générales
  • Ce quiz a été pris 86 fois
  • Le résultat moyen est 21 sur 31
Statistiques - réponses
BUT(S) NATIONALITÉ POSTE JOUEUR % Correct
35 Argentine ATT Ángel Di María
100%
30 Uruguay ATT Edinson Cavani
100%
83 France ATT Kylian Mbappé
100%
51 Brésil ATT Neymar Jr
100%
12 Brésil DEF Marquinhos
96%
22 Argentine ATT Mauro Icardi
89%
9 Cameroun ATT Eric-Maxim Choupo-Moting
87%
1 Italie MIL Marco Verratti
87%
6 Belgique DEF Thomas Meunier
87%
7 Allemagne MIL Julian Draxler
86%
9 Italie ATT Moise Kean
83%
3 Sénégal MIL Idrissa Gueye
82%
1 Brésil DEF Thiago Silva
82%
1 France DEF Presnel Kimpembe
76%
6 Espagne DEF Juan Bernat
75%
16 Espagne ATT Pablo Sarabia
74%
2 Italie DEF Alessandro Florenzi
71%
2 Allemagne DEF Thilo Kehrer
71%
2 Etats-Unis ATT Timothy Weah
70%
1 Argentine MIL Leandro Paredes
67%
3 Brésil DEF Dani Alves
63%
2 Espagne MIL Ander Herrera
59%
4 France ATT Christopher Nkunku
58%
2 France DEF Layvin Kurzawa
57%
2 France MIL Adrien Rabiot
46%
1 France DEF Colin Dagba
46%
4 France ATT Moussa Diaby
37%
3 France DEF Tanguy Nianzou
34%
1 France DEF Timothée Pembélé
24%
1 France MIL Adil Aouchiche
18%
1 Turquie ATT Metehan Güclü
14%
Aucun quiz correspondant
Distribution des résultats
% des personnes avec chaque résultat
Percentile par nombre de réponses
Votre historique - résultats
Vous n’avez pas pris ce quiz